00363nam a2200121Ia 4500008004100000040001600041041001200057082002000069100002300089245008600112260002600198300001700224230917s9999||||xx |||||||||||||| ||und|| e50766aMAIN aEnglish a181.943 R896E:P aFreund, Else-Rahel 0aFrang Rosenzweig's philosophy of existence: an analysis of the star of redemption aHaguebMartinusc1979 aviii, 189 p.